00564nam a2200181 i 4500001000300000100001200003245007200015260002100087700002400108700002200132040000800154041000800162942000700170008004100177999001700218856009800235952004900333bg1 aTURNAU, 0aTechnika analogowa /cTurnau, Danuta Żuchowska, Adam Żuchowski. aSzczecin,c1978.1 aŻUCHOWSKA, Danuta1 aŻUCHOWSKI, Adam cBPK apol cKS s pl f |000 0 pol  c17615d17615 uhttp://koha.tu.koszalin.pl/cgi-bin/koha/opac-detail.pl?biblionumber=17615yKatalog online BPK 00104070aBPKbBPKcwo23094p01062236yKS